Quel roi ont-elles épousé ? (Valois) - Statistiques

Statistiques générales
  • Ce quiz a été pris 40 fois
  • Le résultat moyen est 7 sur 19
Statistiques - réponses
Hint Réponse % Correct
Marie d'Ecosse François II (1559-1560)
76%
Catherine de Médicis Henri II (1547-1559)
76%
Claude de France François 1er (1515-1547)
66%
Louise de Lorraine-Vaudémont Henri III (1574-1589)
52%
Isabeau de Bavière Charles VI (1380-1422)
48%
Jeanne de France Louis XII (1498-1515)
41%
Marie d'Anjou Charles VII (1422-1461)
38%
Eléonore de Habsbourg François 1er (1515-1547)
38%
Bonne de Luxembourg Jean II (1350-1364)
34%
Jeanne de Bourbon Charles V (1364-1380)
31%
Charlotte de Savoie Louis XI (1461-1483)
28%
Marie Tudor Louis XII (1498-1515)
28%
Blanche de Navarre Philippe VI (1328-1350)
28%
Jeanne de Bourgogne Philippe VI (1328-1350)
28%
Elisabeth d'Autriche Charles IX (1560-1574)
24%
Marguerite d'Ecosse Louis XI (1461-1483)
21%
Anne de Bretagne Louis XII (1498-1515)
21%
Anne de Bretagne Charles VIII (1483-1498)
17%
Jeanne d'Auvergne Jean II (1350-1364)
17%
Aucun quiz correspondant
Distribution des résultats
% des personnes avec chaque résultat
Percentile par nombre de réponses
Votre historique - résultats
Vous n’avez pas pris ce quiz